[Event "DEM U18w 2023"]
[Site "Willingen GER"]
[Date "2023.06.02"]
[Round "8"]
[White "Doll, Rebecca"]
[Black "Henninger, Claire"]
[Result "1-0"]
[Termination "normal"]
[Board "6"]
[WhiteElo "1918"]
[BlackElo "1610"]
[WhiteClock "00:22:47"]
[BlackClock "00:13:11"]
[PlyCount "119"]
[WhiteFideId "16236890"]
[BlackFideId "16200659"]
[EventCountry "GER"]
[EventRounds "9"]
[EventType "swiss"]
[EventDate "2023.05.27"]

1. e4 {[%clk 01:30:58]} {[%emt 00:00:01]} c6 {[%clk 01:30:58]} {[%emt
00:00:03]} 2. d4 {[%clk 01:31:24]} {[%emt 00:00:04]} d5 {[%clk 01:31:26]}
{[%emt 00:00:02]} 3. Nd2 {[%clk 01:31:48]} {[%emt 00:00:05]} dxe4 {[%clk
01:31:54]} {[%emt 00:00:03]} 4. Nxe4 {[%clk 01:32:12]} {[%emt 00:00:06]} Bf5
{[%clk 01:32:21]} {[%emt 00:00:03]} 5. Ng3 {[%clk 01:32:36]} {[%emt 00:00:05]}
Bg6 {[%clk 01:32:47]} {[%emt 00:00:05]} 6. Nf3 {[%clk 01:33:03]} {[%emt
00:00:03]} Nd7 {[%clk 01:33:07]} {[%emt 00:00:10]} 7. h4 {[%clk 01:33:28]}
{[%emt 00:00:05]} h6 {[%clk 01:33:33]} {[%emt 00:00:04]} 8. h5 {[%clk
01:33:55]} {[%emt 00:00:03]} Bh7 {[%clk 01:33:51]} {[%emt 00:00:12]} 9. Bd3
{[%clk 01:34:16]} {[%emt 00:00:09]} Bxd3 {[%clk 01:34:06]} {[%emt 00:00:15]}
10. Qxd3 {[%clk 01:34:40]} {[%emt 00:00:05]} e6 {[%clk 01:28:01]} {[%emt
00:06:36]} 11. Bd2 {[%clk 01:35:04]} {[%emt 00:00:06]} Ngf6 {[%clk 01:26:24]}
{[%emt 00:02:06]} 12. O-O-O {[%clk 01:34:54]} {[%emt 00:00:40]} Bd6 {[%clk
01:25:58]} {[%emt 00:00:56]} 13. Ne4 {[%clk 01:34:47]} {[%emt 00:00:37]} Nxe4
{[%clk 01:25:55]} {[%emt 00:00:34]} 14. Qxe4 {[%clk 01:35:10]} {[%emt
00:00:06]} Nf6 {[%clk 01:25:46]} {[%emt 00:00:39]} 15. Qe2 {[%clk 01:35:21]}
{[%emt 00:00:19]} Qc7 {[%clk 01:23:07]} {[%emt 00:03:08]} 16. g3 {[%clk
01:35:28]} {[%emt 00:00:25]} Nd5 {[%clk 01:19:08]} {[%emt 00:04:26]} 17. c4
{[%clk 01:26:12]} {[%emt 00:09:48]} Nf6 {[%clk 01:17:00]} {[%emt 00:02:38]} 18.
Kb1 {[%clk 01:19:52]} {[%emt 00:06:51]} O-O {[%clk 01:13:38]} {[%emt 00:03:51]}
19. Rdg1 {[%clk 01:14:41]} {[%emt 00:05:41]} Rfe8 {[%clk 00:56:04]} {[%emt
00:18:04]} 20. c5 {[%clk 01:09:05]} {[%emt 00:06:07]} Be7 {[%clk 00:49:14]}
{[%emt 00:07:19]} 21. g4 {[%clk 01:05:20]} {[%emt 00:04:15]} Nh7 {[%clk
00:48:17]} {[%emt 00:01:27]} 22. g5 {[%clk 01:04:42]} {[%emt 00:01:09]} hxg5
{[%clk 00:47:36]} {[%emt 00:01:10]} 23. Nxg5 {[%clk 00:55:35]} {[%emt
00:09:37]} Qd8 {[%clk 00:37:09]} {[%emt 00:10:57]} 24. Nxh7 {[%clk 00:53:04]}
{[%emt 00:03:01]} Kxh7 {[%clk 00:37:15]} {[%emt 00:00:25]} 25. Qe4+ {[%clk
00:52:55]} {[%emt 00:00:39]} Kh8 {[%clk 00:36:43]} {[%emt 00:04:53]} 26. Bf4
{[%clk 00:38:02]} {[%emt 00:11:32]} Qd5 {[%clk 00:30:04]} {[%emt 00:07:08]} 27.
Qxd5 {[%clk 00:27:34]} {[%emt 00:11:00]} exd5 {[%clk 00:28:59]} {[%emt
00:01:33]} 28. Be5 {[%clk 00:25:22]} {[%emt 00:02:43]} f6 {[%clk 00:27:52]}
{[%emt 00:01:36]} 29. Bf4 {[%clk 00:25:36]} {[%emt 00:00:17]} b6 {[%clk
00:18:22]} {[%emt 00:09:59]} 30. b4 {[%clk 00:23:24]} {[%emt 00:02:42]} bxc5
{[%clk 00:16:37]} {[%emt 00:02:17]} 31. bxc5 {[%clk 00:20:33]} {[%emt
00:03:21]} Bf8 {[%clk 00:16:24]} {[%emt 00:00:42]} 32. Re1 {[%clk 00:20:15]}
{[%emt 00:00:48]} Kh7 {[%clk 00:15:40]} {[%emt 00:01:13]} 33. Kc2 {[%clk
00:19:16]} {[%emt 00:01:30]} Rad8 {[%clk 00:13:35]} {[%emt 00:02:34]} 34. Kd3
{[%emt 00:01:07]} Rc8 {[%clk 00:05:23]} {[%emt 00:08:32]} 35. f3 {[%clk
00:18:27]} {[%emt 00:00:53]} Kg8 {[%clk 00:03:57]} {[%emt 00:01:55]} 36. Rxe8
{[%clk 00:15:55]} {[%emt 00:03:03]} Rxe8 {[%clk 00:04:13]} {[%emt 00:00:14]}
37. Rb1 {[%clk 00:16:15]} {[%emt 00:00:10]} Kf7 {[%clk 00:01:50]} {[%emt
00:02:52]} 38. a4 {[%clk 00:15:13]} {[%emt 00:01:33]} Re7 {[%clk 00:00:51]}
{[%emt 00:01:29]} 39. a5 {[%clk 00:14:20]} {[%emt 00:01:24]} Rd7 {[%clk
00:00:41]} {[%emt 00:00:40]} 40. a6 {[%clk 00:13:33]} {[%emt 00:01:16]} Re7
{[%clk 00:00:39]} {[%emt 00:00:33]} 41. Rb7 {[%clk 00:11:59]} {[%emt 00:02:02]}
Ke6 {[%clk 00:27:27]} {[%emt 00:03:43]} 42. Bd6 {[%clk 00:34:47]} {[%emt
00:07:42]} Rf7 {[%clk 00:26:34]} {[%emt 00:01:22]} 43. Bxf8 {[%clk 00:32:47]}
{[%emt 00:02:31]} Rxf8 {[%clk 00:26:57]} {[%emt 00:00:07]} 44. Rxg7 {[%clk
00:32:31]} {[%emt 00:00:46]} Rh8 {[%clk 00:17:14]} {[%emt 00:10:12]} 45. Rxa7
{[%clk 00:32:13]} {[%emt 00:00:49]} Rxh5 {[%clk 00:17:20]} {[%emt 00:00:24]}
46. Rc7 {[%clk 00:32:30]} {[%emt 00:00:13]} Rh1 {[%clk 00:13:00]} {[%emt
00:04:50]} 47. Rxc6+ {[%clk 00:31:48]} {[%emt 00:01:12]} Kf5 {[%clk 00:12:43]}
{[%emt 00:00:46]} 48. Rd6 {[%clk 00:28:39]} {[%emt 00:03:40]} Ra1 {[%clk
00:11:38]} {[%emt 00:01:35]} 49. Rxd5+ {[%clk 00:25:18]} {[%emt 00:03:51]} Ke6
{[%clk 00:10:51]} {[%emt 00:01:17]} 50. Rd6+ {[%clk 00:25:21]} {[%emt
00:00:27]} Ke7 {[%clk 00:11:14]} {[%emt 00:00:07]} 51. Ke4 {[%clk 00:25:40]}
{[%emt 00:00:11]} Re1+ {[%clk 00:11:15]} {[%emt 00:00:29]} 52. Kf5 {[%clk
00:25:54]} {[%emt 00:00:16]} Rf1 {[%clk 00:11:24]} {[%emt 00:00:18]} 53. f4
{[%clk 00:26:16]} {[%emt 00:00:10]} Rd1 {[%clk 00:11:25]} {[%emt 00:00:30]} 54.
d5 {[%clk 00:25:50]} {[%emt 00:00:57]} Rc1 {[%clk 00:11:42]} {[%emt 00:00:11]}
55. a7 {[%clk 00:25:30]} {[%emt 00:00:50]} Ra1 {[%clk 00:11:45]} {[%emt
00:00:27]} 56. Rxf6 {[%clk 00:25:19]} {[%emt 00:00:41]} Rxa7 {[%clk 00:12:11]}
{[%emt 00:00:05]} 57. d6+ {[%clk 00:24:40]} {[%emt 00:01:09]} Ke8 {[%clk
00:12:28]} {[%emt 00:00:12]} 58. c6 {[%clk 00:22:27]} {[%emt 00:02:43]} Ra5+
{[%clk 00:12:50]} {[%emt 00:00:10]} 59. Ke6 {[%clk 00:22:32]} {[%emt 00:00:23]}
Ra1 {[%clk 00:13:11]} {[%emt 00:00:10]} 60. d7+ {[%clk 00:22:47]} {[%emt
00:00:15]} 1-0

[Event "DEM U18w 2023"]
[Site "Willingen GER"]
[Date "2023.06.02"]
[Round "8"]
[White "Peglau, Mirjam"]
[Black "Kalina, Lena"]
[Result "1-0"]
[Termination "normal"]
[Board "7"]
[WhiteElo "1932"]
[BlackElo "1776"]
[WhiteClock "00:01:55"]
[BlackClock "00:01:03"]
[PlyCount "151"]
[WhiteFideId "16211138"]
[BlackFideId "12988014"]
[EventCountry "GER"]
[EventRounds "9"]
[EventType "swiss"]
[EventDate "2023.05.27"]

1. f4 {[%clk 01:30:59]} d5 {[%clk 01:29:48]} {[%emt 00:01:13]} 2. Nf3 {[%clk
01:31:24]} {[%emt 00:00:05]} c5 {[%clk 01:28:19]} {[%emt 00:01:59]} 3. g3
{[%clk 01:31:45]} {[%emt 00:00:09]} Nc6 {[%clk 01:25:44]} {[%emt 00:03:05]} 4.
Bg2 {[%clk 01:32:10]} {[%emt 00:00:04]} g6 {[%clk 01:21:57]} {[%emt 00:04:18]}
5. d3 {[%clk 01:32:19]} {[%emt 00:00:21]} Nf6 {[%clk 01:20:42]} {[%emt
00:01:45]} 6. Nc3 {[%clk 01:32:29]} {[%emt 00:00:20]} Bg7 {[%clk 01:16:11]}
{[%emt 00:05:01]} 7. O-O {[%clk 01:32:50]} {[%emt 00:00:08]} O-O {[%clk
01:14:18]} {[%emt 00:02:24]} 8. e4 {[%clk 01:27:01]} {[%emt 00:06:18]} d4
{[%clk 01:09:17]} {[%emt 00:05:31]} 9. Ne2 {[%clk 01:27:17]} {[%emt 00:00:13]}
e5 {[%clk 01:04:20]} {[%emt 00:05:29]} 10. h3 {[%clk 01:22:02]} {[%emt
00:05:44]} Ne8 {[%clk 00:58:19]} {[%emt 00:06:30]} 11. Kh2 {[%clk 01:15:55]}
{[%emt 00:06:38]} Nd6 {[%clk 00:53:55]} {[%emt 00:04:55]} 12. fxe5 {[%clk
01:08:08]} {[%emt 00:08:16]} Nxe5 {[%clk 00:53:11]} {[%emt 00:01:14]} 13. Bf4
{[%clk 01:08:37]} {[%emt 00:00:02]} f6 {[%clk 00:46:46]} {[%emt 00:06:54]} 14.
a3 {[%clk 01:06:58]} {[%emt 00:02:09]} Ndf7 {[%clk 00:40:49]} {[%emt 00:06:27]}
15. b4 {[%clk 01:05:29]} {[%emt 00:01:59]} Nxf3+ {[%clk 00:39:20]} {[%emt
00:01:59]} 16. Bxf3 {[%clk 01:05:40]} {[%emt 00:00:20]} cxb4 {[%clk 00:37:32]}
{[%emt 00:02:18]} 17. axb4 {[%clk 01:05:57]} {[%emt 00:00:13]} Ne5 {[%clk
00:35:33]} {[%emt 00:02:28]} 18. Bg2 {[%clk 01:01:24]} {[%emt 00:05:03]} Qb6
{[%clk 00:27:53]} {[%emt 00:08:10]} 19. Qb1 {[%clk 00:53:43]} {[%emt 00:10:32]}
Be6 {[%clk 00:26:14]} 20. Qb2 {[%clk 00:52:33]} {[%emt 00:01:29]} Rfd8 {[%clk
00:25:41]} {[%emt 00:01:03]} 21. Rfc1 {[%clk 00:39:48]} {[%emt 00:13:14]} Rac8
{[%clk 00:23:57]} {[%emt 00:02:15]} 22. Ra4 {[%clk 00:36:10]} {[%emt 00:04:08]}
a6 {[%clk 00:21:56]} {[%emt 00:02:31]} 23. Qa1 {[%clk 00:28:01]} {[%emt
00:08:39]} Bd7 {[%clk 00:16:27]} {[%emt 00:05:59]} 24. b5 {[%clk 00:27:09]}
{[%emt 00:01:22]} Bxb5 {[%clk 00:15:10]} {[%emt 00:01:47]} 25. Rxd4 {[%clk
00:24:34]} {[%emt 00:03:05]} Be8 {[%clk 00:07:50]} {[%emt 00:07:50]} 26. Rxd8
{[%clk 00:23:56]} {[%emt 00:01:07]} Rxd8 {[%clk 00:07:15]} {[%emt 00:01:06]}
27. d4 {[%clk 00:22:11]} {[%emt 00:02:14]} Nc4 {[%clk 00:05:55]} {[%emt
00:01:50]} 28. Rb1 {[%clk 00:19:27]} {[%emt 00:03:14]} Qa7 {[%clk 00:05:21]}
{[%emt 00:01:04]} 29. Qa2 {[%clk 00:16:12]} {[%emt 00:03:45]} Bf7 {[%clk
00:05:10]} {[%emt 00:00:41]} 30. d5 {[%clk 00:13:42]} {[%emt 00:03:00]} Nd6
{[%clk 00:04:43]} {[%emt 00:00:57]} 31. Qa5 {[%clk 00:12:35]} {[%emt 00:01:38]}
Qa8 {[%clk 00:04:24]} {[%emt 00:00:49]} 32. Qb4 {[%clk 00:10:51]} {[%emt
00:02:14]} a5 {[%clk 00:02:35]} {[%emt 00:02:19]} 33. Qb6 {[%clk 00:10:12]}
{[%emt 00:01:08]} Nc4 {[%clk 00:02:11]} {[%emt 00:00:54]} 34. Qxb7 {[%clk
00:09:25]} {[%emt 00:01:18]} Qxb7 {[%clk 00:01:31]} {[%emt 00:01:10]} 35. Rxb7
{[%clk 00:09:53]} {[%emt 00:00:02]} f5 {[%clk 00:01:25]} {[%emt 00:00:36]} 36.
Rc7 {[%clk 00:07:28]} {[%emt 00:02:55]} Ne5 {[%clk 00:01:09]} {[%emt 00:00:45]}
37. exf5 {[%clk 00:04:29]} {[%emt 00:03:29]} gxf5 {[%clk 00:01:02]} {[%emt
00:00:38]} 38. Rc5 {[%clk 00:03:46]} {[%emt 00:01:12]} a4 {[%clk 00:01:08]}
{[%emt 00:00:24]} 39. Ra5 {[%clk 00:03:46]} {[%emt 00:00:31]} Be8 {[%clk
00:00:44]} {[%emt 00:00:55]} 40. Ra7 {[%clk 00:00:56]} {[%emt 00:03:19]} Nc4
{[%clk 00:00:41]} {[%emt 00:00:33]} 41. c3 {[%clk 00:06:24]} {[%emt 00:25:02]}
Bh5 {[%clk 00:23:10]} {[%emt 00:08:00]} 42. Nd4 {[%clk 00:05:58]} {[%emt
00:00:55]} Bxd4 {[%clk 00:22:12]} {[%emt 00:01:29]} 43. cxd4 {[%clk 00:06:27]}
Be8 {[%clk 00:19:58]} {[%emt 00:02:44]} 44. d6 {[%clk 00:05:06]} {[%emt
00:01:51]} Nxd6 {[%clk 00:15:34]} {[%emt 00:04:54]} 45. Bd5+ {[%clk 00:05:27]}
{[%emt 00:00:10]} Nf7 {[%clk 00:13:54]} {[%emt 00:02:10]} 46. Bxf7+ {[%clk
00:05:55]} {[%emt 00:00:02]} Bxf7 {[%clk 00:14:16]} {[%emt 00:00:08]} 47. Rxa4
{[%clk 00:06:22]} {[%emt 00:00:03]} Be6 {[%clk 00:09:24]} {[%emt 00:05:21]} 48.
Be5 {[%clk 00:06:33]} {[%emt 00:00:18]} Rd7 {[%clk 00:08:31]} {[%emt 00:01:24]}
49. Kg2 {[%clk 00:06:24]} {[%emt 00:00:39]} Kf7 {[%clk 00:07:32]} {[%emt
00:01:29]} 50. Kf3 {[%clk 00:06:02]} {[%emt 00:00:52]} Rb7 {[%clk 00:06:45]}
{[%emt 00:01:17]} 51. Kf4 {[%clk 00:05:09]} {[%emt 00:01:23]} h6 {[%clk
00:05:52]} {[%emt 00:01:24]} 52. Ra8 {[%clk 00:03:24]} {[%emt 00:02:15]} Kg6
{[%clk 00:04:44]} {[%emt 00:01:38]} 53. Ra6 {[%clk 00:03:24]} {[%emt 00:00:29]}
Kf7 {[%clk 00:05:06]} {[%emt 00:00:07]} 54. Rc6 {[%clk 00:03:10]} {[%emt
00:00:44]} Rd7 {[%clk 00:03:22]} {[%emt 00:02:15]} 55. h4 {[%clk 00:02:56]}
{[%emt 00:00:44]} Rd8 {[%clk 00:02:34]} {[%emt 00:01:19]} 56. Rc7+ {[%clk
00:01:43]} {[%emt 00:01:42]} Kg6 {[%clk 00:01:19]} {[%emt 00:01:45]} 57. Rc6
{[%clk 00:01:01]} {[%emt 00:01:12]} Kf7 {[%clk 00:01:44]} {[%emt 00:00:06]} 58.
h5 {[%clk 00:00:44]} {[%emt 00:00:47]} Rd7 {[%clk 00:00:46]} {[%emt 00:01:27]}
59. Ke3 {[%clk 00:00:44]} {[%emt 00:00:30]} Ra7 {[%clk 00:00:43]} {[%emt
00:00:33]} 60. Kf4 {[%clk 00:00:58]} {[%emt 00:00:16]} Rd7 {[%clk 00:00:42]}
{[%emt 00:00:31]} 61. Rc7 {[%clk 00:01:08]} {[%emt 00:00:20]} Rxc7 {[%clk
00:00:39]} {[%emt 00:00:33]} 62. Bxc7 {[%clk 00:01:36]} {[%emt 00:00:02]} Ke7
{[%clk 00:00:35]} {[%emt 00:00:34]} 63. Ke5 {[%clk 00:01:35]} {[%emt 00:00:32]}
Bf7 {[%clk 00:00:41]} {[%emt 00:00:24]} 64. Kxf5 {[%clk 00:01:52]} {[%emt
00:00:12]} Bxh5 {[%clk 00:01:04]} {[%emt 00:00:07]} 65. Bf4 {[%clk 00:02:08]}
{[%emt 00:00:14]} Be8 {[%clk 00:00:47]} {[%emt 00:00:48]} 66. Bxh6 {[%clk
00:02:35]} {[%emt 00:00:02]} Kd6 {[%clk 00:00:50]} {[%emt 00:00:27]} 67. g4
{[%clk 00:01:28]} {[%emt 00:01:37]} Bf7 {[%clk 00:00:42]} {[%emt 00:00:39]} 68.
Bf4+ {[%clk 00:00:44]} {[%emt 00:01:14]} Kd5 {[%clk 00:00:38]} {[%emt
00:00:33]} 69. Be5 {[%clk 00:01:13]} Bg8 {[%clk 00:00:37]} {[%emt 00:00:32]}
70. g5 {[%clk 00:01:20]} {[%emt 00:00:22]} Kc6 {[%clk 00:00:42]} {[%emt
00:00:25]} 71. Kf6 {[%clk 00:01:24]} {[%emt 00:00:26]} Kd7 {[%clk 00:00:58]}
{[%emt 00:00:16]} 72. g6 {[%clk 00:01:21]} {[%emt 00:00:32]} Ke8 {[%clk
00:00:51]} {[%emt 00:00:37]} 73. Kg7 {[%clk 00:01:43]} {[%emt 00:00:07]} Bd5
{[%clk 00:00:53]} {[%emt 00:00:28]} 74. Kh8 {[%clk 00:01:17]} {[%emt 00:00:55]}
Be4 {[%clk 00:00:39]} {[%emt 00:00:45]} 75. g7 {[%clk 00:01:32]} {[%emt
00:00:15]} Bd5 {[%clk 00:01:03]} {[%emt 00:00:07]} 76. g8=Q+ {[%clk 00:01:55]}
{[%emt 00:00:06]} 1-0

[Event "DEM U18w 2023"]
[Site "Willingen GER"]
[Date "2023.06.02"]
[Round "8"]
[White "Dohon, Maria-Johanna"]
[Black "Glowiak, Alexandra"]
[Result "0-1"]
[Termination "normal"]
[Board "10"]
[WhiteElo "1507"]
[BlackElo "1660"]
[WhiteClock "00:29:51"]
[BlackClock "00:25:28"]
[PlyCount "84"]
[WhiteFideId "34600957"]
[BlackFideId "16259530"]
[EventCountry "GER"]
[EventRounds "9"]
[EventType "swiss"]
[EventDate "2023.05.27"]

1. d4 {[%clk 01:30:59]} d5 {[%clk 01:30:52]} {[%emt 00:00:08]} 2. c4 {[%clk
01:31:24]} {[%emt 00:00:05]} e6 {[%clk 01:31:18]} {[%emt 00:00:05]} 3. Nc3
{[%clk 01:31:50]} {[%emt 00:00:03]} Nf6 {[%clk 01:31:43]} {[%emt 00:00:05]} 4.
Nf3 {[%clk 01:32:14]} {[%emt 00:00:05]} Be7 {[%clk 01:31:22]} {[%emt 00:00:52]}
5. Bf4 {[%clk 01:32:37]} {[%emt 00:00:06]} c6 {[%clk 01:28:25]} {[%emt
00:03:28]} 6. e3 {[%clk 01:32:42]} {[%emt 00:00:26]} O-O {[%clk 01:27:27]}
{[%emt 00:01:27]} 7. Rc1 {[%clk 01:32:13]} {[%emt 00:00:59]} Nbd7 {[%clk
01:26:43]} {[%emt 00:01:14]} 8. cxd5 {[%clk 01:30:36]} {[%emt 00:02:07]} exd5
{[%clk 01:26:25]} {[%emt 00:00:49]} 9. Bd3 {[%clk 01:29:51]} {[%emt 00:01:15]}
Re8 {[%clk 01:26:01]} {[%emt 00:00:54]} 10. O-O {[%clk 01:28:38]} {[%emt
00:01:42]} Nf8 {[%clk 01:21:34]} {[%emt 00:04:57]} 11. h3 {[%clk 01:24:21]}
{[%emt 00:04:47]} Bd6 {[%clk 01:11:14]} {[%emt 00:10:50]} 12. Bxd6 {[%clk
01:18:28]} {[%emt 00:06:23]} Qxd6 {[%clk 01:11:42]} {[%emt 00:00:02]} 13. Ne5
{[%clk 01:17:36]} {[%emt 00:01:22]} N6d7 {[%clk 01:05:50]} {[%emt 00:06:22]}
14. f4 {[%clk 01:11:42]} {[%emt 00:06:24]} f6 {[%clk 01:02:29]} {[%emt
00:03:52]} 15. Nxd7 {[%clk 01:09:06]} {[%emt 00:03:05]} Bxd7 {[%clk 01:01:13]}
{[%emt 00:01:47]} 16. Qf3 {[%clk 01:07:41]} {[%emt 00:01:53]} Re7 {[%clk
00:45:10]} {[%emt 00:16:35]} 17. Rfe1 {[%clk 01:04:30]} {[%emt 00:03:40]} Ne6
{[%clk 00:34:27]} {[%emt 00:11:13]} 18. Re2 {[%clk 00:57:32]} {[%emt 00:07:28]}
Rae8 {[%clk 00:30:46]} {[%emt 00:04:11]} 19. Rce1 {[%clk 00:57:50]} {[%emt
00:00:11]} b6 {[%clk 00:29:09]} {[%emt 00:02:09]} 20. Bb1 {[%clk 00:54:14]}
{[%emt 00:07:13]} Bc8 {[%clk 00:28:33]} 21. Bd3 {[%clk 00:45:03]} {[%emt
00:07:39]} Bb7 {[%clk 00:27:09]} {[%emt 00:01:53]} 22. Qf2 {[%clk 00:42:56]}
{[%emt 00:02:37]} a6 {[%clk 00:20:13]} {[%emt 00:07:28]} 23. g4 {[%clk
00:29:36]} {[%emt 00:13:49]} c5 {[%clk 00:18:29]} {[%emt 00:02:14]} 24. dxc5
{[%clk 00:27:53]} {[%emt 00:02:13]} bxc5 {[%clk 00:18:30]} {[%emt 00:00:29]}
25. Rd1 {[%clk 00:22:00]} {[%emt 00:06:22]} d4 {[%clk 00:15:32]} {[%emt
00:03:30]} 26. Ne4 {[%clk 00:19:27]} {[%emt 00:03:02]} Qd5 {[%clk 00:08:00]}
{[%emt 00:08:02]} 27. b3 {[%clk 00:18:14]} {[%emt 00:01:43]} Kh8 {[%clk
00:06:29]} {[%emt 00:02:02]} 28. Qh4 {[%clk 00:14:51]} {[%emt 00:03:53]} Nf8
{[%clk 00:06:20]} {[%emt 00:00:38]} 29. Rde1 {[%clk 00:09:54]} {[%emt
00:05:27]} Rxe4 {[%clk 00:06:11]} {[%emt 00:00:40]} 30. Bxe4 {[%clk 00:10:15]}
{[%emt 00:00:08]} Qxe4 {[%clk 00:06:23]} {[%emt 00:00:18]} 31. Qg3 {[%clk
00:08:52]} {[%emt 00:01:52]} d3 {[%clk 00:03:08]} {[%emt 00:03:46]} 32. Rd2
{[%clk 00:09:02]} {[%emt 00:00:19]} Ng6 {[%clk 00:02:53]} {[%emt 00:00:45]} 33.
Red1 {[%clk 00:07:25]} {[%emt 00:02:08]} Rd8 {[%clk 00:03:04]} {[%emt
00:00:19]} 34. Kf2 {[%clk 00:05:35]} {[%emt 00:02:21]} c4 {[%clk 00:01:57]}
{[%emt 00:01:37]} 35. bxc4 {[%clk 00:05:12]} {[%emt 00:00:53]} Qxc4 {[%clk
00:02:25]} 36. h4 {[%clk 00:04:30]} {[%emt 00:01:12]} Be4 {[%clk 00:01:57]}
{[%emt 00:00:58]} 37. Rb1 {[%clk 00:03:27]} {[%emt 00:01:34]} Ne7 {[%clk
00:01:09]} {[%emt 00:01:17]} 38. f5 {[%clk 00:01:56]} {[%emt 00:02:02]} Rg8
{[%clk 00:00:44]} {[%emt 00:00:55]} 39. Qd6 {[%clk 00:01:19]} {[%emt 00:01:06]}
Qc3 {[%clk 00:00:36]} {[%emt 00:00:39]} 40. Ke1 {[%clk 00:00:49]} {[%emt
00:01:00]} Nd5 {[%clk 00:00:35]} {[%emt 00:00:30]} 41. Rb8 {[%clk 00:29:30]}
{[%emt 00:01:48]} Qc1+ {[%clk 00:25:10]} {[%emt 00:05:56]} 42. Rd1 {[%clk
00:29:51]} {[%emt 00:00:09]} Qxe3+ {[%clk 00:25:28]} {[%emt 00:00:13]} 0-1

[Event "DEM U18w 2023"]
[Site "Willingen GER"]
[Date "2023.06.02"]
[Round "8"]
[White "Gossing, Marie-Sophie"]
[Black "Kieckbusch, Lotta"]
[Result "0-1"]
[Termination "normal"]
[Board "11"]
[WhiteElo "1395"]
[BlackElo "1308"]
[WhiteClock "00:06:38"]
[BlackClock "00:34:19"]
[PlyCount "58"]
[WhiteFideId "16217284"]
[BlackFideId "16214390"]
[EventCountry "GER"]
[EventRounds "9"]
[EventType "swiss"]
[EventDate "2023.05.27"]

1. e4 {[%clk 01:30:59]} {[%emt 00:00:01]} c5 {[%clk 01:30:54]} {[%emt
00:00:05]} 2. d4 {[%clk 01:31:16]} {[%emt 00:00:13]} cxd4 {[%clk 01:31:18]}
{[%emt 00:00:06]} 3. c3 {[%clk 01:31:34]} {[%emt 00:00:13]} dxc3 {[%clk
01:31:43]} {[%emt 00:00:05]} 4. Nxc3 {[%clk 01:31:56]} {[%emt 00:00:08]} Nc6
{[%clk 01:32:04]} {[%emt 00:00:09]} 5. Nf3 {[%clk 01:32:17]} {[%emt 00:00:09]}
e6 {[%clk 01:32:24]} {[%emt 00:00:09]} 6. Bc4 {[%clk 01:32:39]} {[%emt
00:00:09]} Bb4 {[%clk 01:32:21]} {[%emt 00:00:33]} 7. O-O {[%clk 01:31:09]}
{[%emt 00:02:00]} Nge7 {[%clk 01:32:41]} {[%emt 00:00:10]} 8. Nb5 {[%clk
01:21:45]} {[%emt 00:09:54]} d5 {[%clk 01:32:26]} {[%emt 00:00:44]} 9. exd5
{[%clk 01:20:44]} {[%emt 00:01:32]} exd5 {[%clk 01:28:53]} {[%emt 00:04:02]}
10. Bxd5 {[%clk 01:19:56]} {[%emt 00:01:18]} Nxd5 {[%clk 01:28:59]} {[%emt
00:00:24]} 11. Qxd5 {[%clk 01:20:16]} {[%emt 00:00:11]} O-O {[%clk 01:29:20]}
{[%emt 00:00:08]} 12. Qh5 {[%clk 01:09:50]} {[%emt 00:10:56]} Qa5 {[%clk
01:13:09]} {[%emt 00:16:42]} 13. Ng5 {[%clk 00:53:20]} {[%emt 00:16:59]} h6
{[%clk 01:13:12]} {[%emt 00:00:26]} 14. Ne4 {[%clk 00:52:32]} {[%emt 00:01:19]}
a6 {[%clk 01:05:54]} {[%emt 00:07:49]} 15. Bxh6 {[%clk 00:21:54]} {[%emt
00:31:07]} Qxb5 {[%clk 01:03:47]} {[%emt 00:02:38]} 16. Qxb5 {[%clk 00:18:51]}
{[%emt 00:03:34]} axb5 {[%clk 01:04:01]} {[%emt 00:00:16]} 17. Be3 {[%clk
00:18:40]} {[%emt 00:00:40]} Re8 {[%clk 00:53:38]} {[%emt 00:10:54]} 18. Ng3
{[%clk 00:16:32]} {[%emt 00:02:37]} Be6 {[%clk 00:52:31]} {[%emt 00:01:37]} 19.
a3 {[%clk 00:16:47]} {[%emt 00:00:16]} Be7 {[%clk 00:51:16]} {[%emt 00:01:44]}
20. Rfd1 {[%clk 00:12:20]} {[%emt 00:04:57]} Bf6 {[%clk 00:48:03]} {[%emt
00:03:42]} 21. Rab1 {[%clk 00:11:37]} {[%emt 00:01:14]} Rad8 {[%clk 00:44:33]}
{[%emt 00:04:00]} 22. Re1 {[%clk 00:10:17]} {[%emt 00:01:50]} Bb3 {[%clk
00:43:12]} {[%emt 00:01:51]} 23. h3 {[%clk 00:08:18]} {[%emt 00:02:29]} Bd4
{[%clk 00:37:50]} {[%emt 00:05:53]} 24. Bxd4 {[%clk 00:08:13]} {[%emt
00:00:35]} Rxe1+ {[%clk 00:37:22]} {[%emt 00:00:57]} 25. Rxe1 {[%clk 00:08:35]}
{[%emt 00:00:07]} Nxd4 {[%clk 00:37:15]} {[%emt 00:00:37]} 26. Re7 {[%clk
00:08:26]} {[%emt 00:00:39]} Bd5 {[%clk 00:36:13]} {[%emt 00:01:32]} 27. Ne4
{[%clk 00:07:19]} {[%emt 00:01:37]} Ne6 {[%clk 00:34:36]} {[%emt 00:02:08]} 28.
Nc3 {[%clk 00:07:11]} {[%emt 00:00:38]} Bc6 {[%clk 00:34:34]} {[%emt 00:00:31]}
29. f3 {[%clk 00:06:38]} {[%emt 00:01:04]} Kf8 {[%clk 00:34:19]} {[%emt
00:00:45]} 0-1